Sports Quiz

Random Sports or Clickable Quiz

NHL franchises above .500 (clickable) Quiz Stats

 Plays Quiz not verified by Sporcle

Support Sporcle.
Go Orange.
Score 0/19 Timer 03:00
0 Plays Today
% Correct
Red Wings
91.5%
Canadiens
89.2%
Maple Leafs
87.8%
Flyers
85.4%
Bruins
85.4%
Rangers
82.6%
Avalanche
81.2%
Oilers
80.3%
Stars
73.7%
Sharks
71.4%
% Correct
Blues
67.6%
Islanders
67.1%
Ducks
66.2%
Flames
64.3%
Sabres
61%
Senators
54%
Capitals
50.2%
Predators
44.1%
Wild
39.9%

You're not logged in!

Compare scores with friends on all Sporcle quizzes.
OR
Log In

From the Vault

Speed Countries

by LTH

Technically, they're all traveling 67,062 miles per hour around the Sun, so we're breaking all kinds of speed limits here.
Remove Ads.
Support Sporcle.
Get the best of Sporcle when you Go Orange. This ad-free experience offers more features, more stats, and more fun while also helping to support Sporcle. Thank you for becoming a member.

Show Comments

Extras

Top Quizzes Today


Score Distribution

Your Account Isn't Verified!

In order to create a playlist on Sporcle, you need to verify the email address you used during registration. Go to your Sporcle Settings to finish the process.

Report this User

Report this user for behavior that violates our Community Guidelines.

Details: